Cumplimiento de sellos de lechada asfáltica elaborados con la emulsión de rompimiento lento CSS-1h producida por la Refinadora Costarricense de Petróleo
Guardado en:
| Autor principal: | |
|---|---|
| Otros Autores: | |
| Formato: | Libro |
| Lenguaje: | Spanish |
| Publicado: |
[San José ], Costa Rica
2019
|
| Materias: | |
| Etiquetas: |
Agregar Etiqueta
Sin Etiquetas, Sea el primero en etiquetar este registro!
|
MARC
| LEADER | 00000nam a22000007a 4500 | ||
|---|---|---|---|
| 003 | 013102 | ||
| 005 | 20230504140124.0 | ||
| 008 | 190820b2019 cr a|||| |m|| 00| ||spa d | ||
| 040 | |c cru CEDI | ||
| 100 | |9 481 |a Aguilar Mejía, Mónica, 1990- | ||
| 245 | |a Cumplimiento de sellos de lechada asfáltica elaborados con la emulsión de rompimiento lento CSS-1h producida por la Refinadora Costarricense de Petróleo | ||
| 260 | |a [San José ], Costa Rica |c 2019 | ||
| 500 | |a Proyecto de graduación (licenciatura en ingeniería civil)--Universidad de Costa Rica. Facultad de Ingeniería. Escuela de Ingeniería Civil. Departamento. Transportes | ||
| 501 | |a Director de Proyecto de Graduación: Ing. Fabián Elizondo Arrieta, MBA | ||
| 650 | |x EMULSIONES ASFALTICAS |x SELLADO (TECNOLOGIA) |x EMULSIONES ASFALTICAS - FABRICACION |x ASFALTO | ||
| 700 | |9 482 |a Elizondo Arrieta, Fabián, 1976- |d Director del TFG | ||
| 942 | |c CEDI |h TFG 8252 |6 TFG_8252_000000000000000 | ||
| 999 | |c 21766 |d 21766 | ||
